00279nam a22001097a 4500003000500000008004100005020001400046038001800060082001200078100002000090245005900110NUST140509b xxu||||| |||| 00| 0 eng d cAvailable aNusrat Nadeem a004.12  aRichard Easlick aMCSE:Exchange server 5.5 Study Guide cRichard Easlick